La Experiencia de la cooperativa de productos de palmito en las localidades de Guácimo, Pococí y Siquirres, en su inserción en el mercado global /
محفوظ في:
| المؤلف الرئيسي: | |
|---|---|
| مؤلفون آخرون: | |
| التنسيق: | نص |
| منشور في: |
San José:
FLACSO
|
| الموضوعات: | |
| الوسوم: |
إضافة وسم
لا توجد وسوم, كن أول من يضع وسما على هذه التسجيلة!
|
MARC
| LEADER | 00000 a a2200000 04500 | ||
|---|---|---|---|
| 001 | 37150 | ||
| 003 | |||
| 040 | |||
| 090 | |a 0003 E96e | ||
| 100 | |a Pérez Sainz, Juan Pablo | ||
| 245 | |a La Experiencia de la cooperativa de productos de palmito en las localidades de Guácimo, Pococí y Siquirres, en su inserción en el mercado global / |c Juan Pablo Pérez Sainz | ||
| 260 | |a San José: |b FLACSO | ||
| 300 | |a 55 p. |b map. | ||
| 500 | |a También en Desarrollo Económico local en Centroamérica: estudios de comunidades globalizadas 0001 L354d | ||
| 650 | |a SISTEMAS AGRICOLAS | ||
| 650 | |a ESTRUCTURA ORGANIZACIONAL | ||
| 650 | |a PRODUCCION DE VEGETALES | ||
| 650 | |a CONCIENTIZACION | ||
| 650 | |a COMERCIO AGRICOLA | ||
| 650 | |a ACCESO A MERCADOS | ||
| 650 | |a DIVERSIFICACION DE LA PRODUCCION | ||
| 650 | |a PRODUCTORES | ||
| 700 | |a Rodríguez, Ana Marcela | ||
| 999 | |c 16286 |d 16286 | ||
